| LEADER |
01033nam0a2200205 450 |
| 001 |
16868117 |
| 010 |
|
|
|a 978-2-36360-579-5Â
|b br.Â
|d 23 €Â
|
| 100 |
|
|
|a 20200108d2020 u u0frey01 baÂ
|
| 101 |
0 |
|
|a freÂ
|
| 102 |
|
|
|a FRÂ
|
| 200 |
0 |
|
|a Fontaine aux violettes (La)Â
|f Françoise BourdonÂ
|
| 207 |
|
1 |
|a Â
|
| 210 |
|
|
|a VersaillesÂ
|c FeryaneÂ
|d 2020Â
|
| 215 |
|
|
|a 1 vol. (448 p.)Â
|d 25 x 16 cmÂ
|
| 225 |
1 |
|
|a RomanÂ
|i Corps 16Â
|x 1292-4113Â
|
| 330 |
|
|
|a De 1875 aux années 1920, de Tourrettes-sur-Loup, dans les Alpes-Maritimes, au Paris des Années folles, le destin de quatre générations de femmes indépendantes. Rosine, mère célibataire, devient courtisane à Paris, Eloïse, sa fille, couturière à Lyon, et Emma, la fille d'Eloïse, une modiste réputée. Quant à Béatrice, la fille d'Emma, nez pour Coco Chanel, elle retourne sur la terre familiale.Â
|
| 700 |
|
0 |
|a BourdonÂ
|b FrançoiseÂ
|f 1953-....Â
|4Â 70Â
|
| 900 |
|
|
|a RomanÂ
|
| 901 |
|
|
|a AdultesÂ
|
| 995 |
|
|
|a MédiathèqueÂ
|c MédiathèqueÂ
|f 00156012344719Â
|h 00156012344719Â
|k R BOUÂ
|o pÂ
|q aÂ
|r azÂ
|e MédiathèqueÂ
|